| 000 | 00828cab a2200253 4500 | ||
|---|---|---|---|
| 001 | ABS50259 | ||
| 008 | 090401t1994 xxu||||| |||| 00| 0 eng d | ||
| 035 | _a(Sirsi) u74910 | ||
| 041 | _aeng | ||
| 100 | _aPike, P. | ||
| 245 | 2 | _aA damper outlook | |
| 260 | _c1994 | ||
| 350 | _a0 | ||
| 490 |
_aBuilding Services _vMarch 1994, 39-40(2) |
||
| 520 | _aReviews recent BSRIA tests on bems control strategies for improving fresh air control levels in offices. Emphasises that poor air quality often leads to low productivity levels. Suggests future improvements and provides information on costs. | ||
| 650 | _aAIR QUALITY | ||
| 650 | _aBEMS | ||
| 650 | _aBUILDING MANAGEMENT SYSTEMS | ||
| 650 | _aSICK BUILDINGS | ||
| 650 | _aVENTILATION | ||
| 690 |
_aBlock management _96220 |
||
| 942 | _n0 | ||
| 948 | _c04/03/1997 | ||
| 999 |
_c47196 _d47196 |
||